[Event "AUTO-ADV-285"]
[Site "http://www.queenalice.com/game.php?id=184156"]
[Date "2007.3.18"]
[Round "2"]
[White "NextFuture"]
[Black "marcusquaresma"]
[Result "1-0"]
[WhiteElo "2131"]
[BlackElo "2022"]

1. d4 d5 2. Nf3 Nf6 3. c4 e6 4. g3 Be7 5. Bg2 O-O 6. O-O dxc4 7. Qc2 a6 8. Qxc4
b5 9. Qc2 Bb7 10. Nc3 Nbd7 11. Re1 Qc8 12. e4 b4 13. e5 bxc3 14. exf6 cxb2 15.
Bxb2 Bxf6 16. Rac1 c6 17. Ba3 Re8 18. Ne5 Nxe5 19. dxe5 Bg5 20. f4 Be7 21. Bc5
Qc7 22. Be4 Bxc5+ 23. Qxc5 Rec8 24. Red1 a5 25. Rd6 Ra6 26. Rcd1 Qb8 27. Rd7 Re8
28. Rb1 1-0

[Event "Challenge"]
[Site "http://www.queenalice.com/game.php?id=195753"]
[Date "2007.4.12"]
[Round "-"]
[White "marcusquaresma"]
[Black "corinthians2"]
[Result "1-0"]
[WhiteElo "1982"]
[BlackElo "2087"]

1. e4 c5 2. Nf3 e6 3. d4 cxd4 4. Nxd4 Nc6 5. Nc3 Qc7 6. Be2 a6 7. O-O b5 8. Nxc6
dxc6 9. f4 Bb7 10. Be3 Be7 11. a3 c5 12. Bf3 Nf6 13. e5 Rd8 14. Qe1 Nd5 15. Nxd5
exd5 16. Qg3 Kf8 17. f5 Qb6 18. f6 gxf6 19. Bh6+ Ke8 20. Bh5 d4 21. Rae1 Kd7 22.
exf6 Bd6 23. Qg4+ Kc7 24. Bxf7 Kb8 25. Bg7 Qc7 26. Qh5 Qc6 27. Rf2 c4 28. Bxh8
Rxh8 29. Re8+ Rxe8 30. Bxe8 Qxe8 31. Qxe8+ 1-0

[Event "QA-ANNIV-02"]
[Site "http://www.queenalice.com/game.php?id=210949"]
[Date "2007.5.14"]
[Round "7"]
[White "ivantratz"]
[Black "marcusquaresma"]
[Result "0-1"]
[WhiteElo "1847"]
[BlackElo "2013"]

1. e4 e5 2. Nf3 Nc6 3. Bb5 Nf6 4. d3 Bc5 5. Bg5 O-O 6. Bxc6 dxc6 7. Nxe5 Qd4 8.
Ng4 Nxg4 9. Be3 Nxe3 10. fxe3 Qxe3+ 11. Qe2 Qc1+ 0-1

[Event "AUTO-MASTER-327"]
[Site "http://www.queenalice.com/game.php?id=223225"]
[Date "2007.6.10"]
[Round "1"]
[White "Rutty"]
[Black "marcusquaresma"]
[Result "0-1"]
[WhiteElo "1927"]
[BlackElo "2033"]

1. d4 d5 2. c4 c6 3. Nc3 Nf6 4. Nf3 e6 5. Bg5 h6 6. Bh4 dxc4 7. e4 b5 8. e5 g5
9. Bg3 Nd5 10. Be2 Qa5 11. Qd2 Bb4 12. Rc1 Nd7 13. O-O N7b6 14. Nxg5 Bxc3 15.
bxc3 hxg5 16. Qxg5 Qa3 17. Bh4 Qe7 18. Qxe7+ Nxe7 19. Bxe7 Kxe7 20. f4 Nd5 21.
Rf3 Bb7 22. f5 exf5 23. Rxf5 Rag8 24. g3 Bc8 0-1

[Event "AUTO-MASTER-327"]
[Site "http://www.queenalice.com/game.php?id=223226"]
[Date "2007.6.10"]
[Round "1"]
[White "marcusquaresma"]
[Black "Rutty"]
[Result "1-0"]
[WhiteElo "2052"]
[BlackElo "1930"]

1. e4 c6 2. d4 d5 3. e5 Bf5 4. Nf3 e6 5. Be2 Bb4+ 6. c3 Ba5 7. O-O Ne7 8. Be3
O-O 9. Nbd2 Nd7 10. Nh4 Bg6 11. Bg5 f6 12. Nxg6 fxg5 13. Nxf8 Nxf8 14. Bd3 Nfg6
15. Qh5 Qf8 16. Qxg5 Bd8 17. f4 Nf5 18. Qh5 Ne3 19. Rf3 Nxg2 20. Kxg2 Nxf4+ 21.
Rxf4 Qxf4 22. Qxh7+ 1-0

[Event "AUTO-MASTER-327"]
[Site "http://www.queenalice.com/game.php?id=223237"]
[Date "2007.6.10"]
[Round "1"]
[White "Amadeus"]
[Black "marcusquaresma"]
[Result "1-0"]
[WhiteElo "2239"]
[BlackElo "2041"]

1. d4 d5 2. c4 c6 3. Nf3 Nf6 4. Nc3 e6 5. cxd5 exd5 6. Bg5 Nbd7 7. e3 Be7 8. Bd3
O-O 9. O-O Re8 10. Qc2 Nf8 11. Bxf6 Bxf6 12. b4 Bg4 13. Nd2 Be7 14. Rab1 Bd6 15.
h3 Qh4 16. Bf5 h5 17. Rfc1 Bxf5 18. Qxf5 g6 19. Qd3 Re6 20. b5 Rf6 21. Qe2 Rf5
22. Nf3 Qe7 23. bxc6 bxc6 24. Qa6 Qd7 25. h4 Rxf3 26. gxf3 Qh3 27. f4 1-0

[Event "AUTO-MASTER-327"]
[Site "http://www.queenalice.com/game.php?id=223238"]
[Date "2007.6.10"]
[Round "1"]
[White "marcusquaresma"]
[Black "Amadeus"]
[Result "0-1"]
[WhiteElo "2035"]
[BlackElo "2262"]

1. e4 d5 2. exd5 Qxd5 3. Nc3 Qa5 4. d4 Nf6 5. Nf3 Bf5 6. Bd2 c6 7. Bc4 e6 8. Nd5
Qd8 9. Nxf6+ Qxf6 10. O-O h6 11. c3 Bd6 12. Re1 b5 13. Bb3 Nd7 14. d5 cxd5 15.
Bxd5 Rd8 16. Bc6 O-O 17. Bxb5 Nc5 18. Nd4 Bd3 19. Bc6 e5 20. Nb3 Bf5 21. Bd5 Nd3
22. Be4 Bxe4 23. Rxe4 Qxf2+ 24. Kh1 Qf5 25. Re2 Nf2+ 26. Rxf2 Qxf2 27. Qg4 Be7
28. Bxh6 Bf6 29. Rb1 Rd3 0-1

[Event "AUTO-MASTER-327"]
[Site "http://www.queenalice.com/game.php?id=223243"]
[Date "2007.6.10"]
[Round "1"]
[White "crubiov"]
[Black "marcusquaresma"]
[Result "1-0"]
[WhiteElo "2201"]
[BlackElo "2063"]

1. e4 e5 2. Nf3 Nc6 3. Bc4 Bc5 4. O-O Nf6 5. Nc3 O-O 6. d3 d6 7. Na4 Bg4 8. c3
a6 9. Nxc5 dxc5 10. h3 Bxf3 11. Qxf3 h6 12. a3 b5 13. Ba2 a5 14. a4 b4 15. Rd1
Rb8 16. Bc4 Qd6 17. Be3 Rfd8 18. Qg3 Rf8 19. Rac1 Rbd8 20. Kh2 1-0

[Event "AUTO-MASTER-327"]
[Site "http://www.queenalice.com/game.php?id=223244"]
[Date "2007.6.10"]
[Round "1"]
[White "marcusquaresma"]
[Black "crubiov"]
[Result "0-1"]
[WhiteElo "2070"]
[BlackElo "2315"]

1. e4 e5 2. Nf3 Nc6 3. Bb5 a6 4. Ba4 Bc5 5. O-O Qf6 6. c3 Nge7 7. d3 h6 8. Be3
Bxe3 9. fxe3 O-O 10. Nbd2 d6 11. Qe1 Qg6 12. Nh4 Qg5 13. Ndf3 Qh5 14. Bd1 Rb8
15. Nd4 Qg5 16. Ndf5 Nxf5 17. exf5 Qf6 18. e4 b5 19. a3 a5 20. Bb3 a4 21. Ba2
Rd8 22. Qg3 Bb7 23. Rf3 Ne7 24. Ng6 Nc8 25. Re1 c5 26. Qg4 b4 27. axb4 cxb4 28.
Be6 Kh7 29. Bxc8 bxc3 30. Bxb7 cxb2 31. Bd5 b1=Q 32. Rxb1 Rxb1+ 33. Kf2 fxg6 34.
Be6 Rb2+ 35. Kg3 h5 36. fxg6+ Qxg6 37. Qxg6+ Kxg6 38. Rf5 Kh6 39. h4 a3 40. Bf7
g6 41. Rf1 Rf8 0-1

[Event "QA-ANNIV-03"]
[Site "http://www.queenalice.com/game.php?id=225778"]
[Date "2007.6.15"]
[Round "1"]
[White "vindaloo"]
[Black "marcusquaresma"]
[Result "0-1"]
[WhiteElo "1822"]
[BlackElo "2045"]

1. Nf3 Nf6 2. g3 b5 3. Bg2 Bb7 4. d3 e6 5. O-O Be7 6. Re1 O-O 7. a3 a6 8. b4 d6
9. Bb2 Nbd7 10. Nc3 Ne5 11. e4 Ned7 12. Nd2 e5 13. Nb3 c6 14. Na5 Qb6 15. Nxb7
Qxb7 16. Ne2 c5 17. bxc5 dxc5 18. d4 cxd4 19. Bxd4 exd4 20. e5 Ne4 21. Nxd4 Bc5
22. Bxe4 Qb6 23. c3 Rae8 24. e6 fxe6 25. Re2 Nf6 26. Bc6 e5 27. Bxe8 exd4 28.
Qb3+ Kh8 29. Rae1 d3 30. Re6 d2 31. R1e2 Qd8 32. Qd1 Nxe8 33. Rxd2 Bxf2+ 34. Kg2
Qa8+ 35. Kh3 Qc8 36. Re2 Nc7 37. Qd6 Nxe6 38. Qxe6 Bc5 39. Qxc8 Rxc8 40. Ra2 Bf8
41. a4 Rxc3 42. axb5 axb5 43. Kg2 b4 44. Rb2 b3 45. Kh3 Ba3 46. Re2 h6 47. Kg4
b2 0-1

[Event "AUTO-OPEN-330"]
[Site "http://www.queenalice.com/game.php?id=237284"]
[Date "2007.7.10"]
[Round "3"]
[White "LoveChess"]
[Black "marcusquaresma"]
[Result "1-0"]
[WhiteElo "2444"]
[BlackElo "2028"]

1. c4 e5 2. Nc3 Nf6 3. g3 Bb4 4. Bg2 O-O 5. Nf3 Re8 6. O-O c6 7. a3 Bxc3 8. dxc3
d5 9. Be3 e4 10. Nd2 Bg4 11. Re1 Nbd7 12. cxd5 cxd5 13. Qb3 1-0

[Event "AUTO-OPEN-330"]
[Site "http://www.queenalice.com/game.php?id=237285"]
[Date "2007.7.10"]
[Round "3"]
[White "marcusquaresma"]
[Black "LoveChess"]
[Result "0-1"]
[WhiteElo "2026"]
[BlackElo "2446"]

1. e4 c6 2. d4 d5 3. e5 Bf5 4. Nc3 e6 5. g4 Bg6 6. Nge2 c5 7. h4 cxd4 8. Nxd4 h5
9. f4 hxg4 10. Bb5+ Nd7 11. f5 Rxh4 12. Rf1 exf5 13. Qe2 Bc5 14. e6 Bxd4 15.
exd7+ Kf8 16. Bg5 Bf6 17. Bxh4 Bxh4+ 18. Kd2 Bg5+ 19. Kd1 Nf6 20. Rh1 Kg8 21.
Qh2 Bh5 22. Qd6 g3+ 23. Ke1 g2 24. Rg1 d4 25. Ne2 Qa5+ 26. Nc3 Bh4+ 0-1

[Event "QA-ANNIV-02"]
[Site "http://www.queenalice.com/game.php?id=241936"]
[Date "2007.7.18"]
[Round "8"]
[White "marcusquaresma"]
[Black "arvim"]
[Result "0-1"]
[WhiteElo "2053"]
[BlackElo "2163"]

1. e4 e6 2. d4 d5 3. e5 c5 4. c3 Qb6 5. Nf3 Nc6 6. Bd3 cxd4 7. cxd4 Bd7 8. O-O
Nxd4 9. Nxd4 Qxd4 10. Nc3 a6 11. Qe2 Ne7 12. Kh1 Nc6 13. f4 Nb4 14. Rd1 Bc5 15.
Bxa6 Qf2 16. Qxf2 Bxf2 17. Be2 Nc2 18. Rb1 O-O 19. Bd2 Bc6 20. Rdc1 Ne3 21. Bf3
Nc4 22. Be1 Be3 23. Rc2 Bxf4 24. Ne2 Bxe5 25. Rxc4 dxc4 26. Bxc6 bxc6 27. a3
Rfb8 28. Bc3 Bxc3 29. Nxc3 Rb3 30. h3 Rab8 0-1

[Event "QA-ANNIV-03"]
[Site "http://www.queenalice.com/game.php?id=246784"]
[Date "2007.7.27"]
[Round "2"]
[White "marcusquaresma"]
[Black "simpleplayer"]
[Result "1-0"]
[WhiteElo "2033"]
[BlackElo "1485"]

1. e4 e5 2. Nf3 d5 3. exd5 Qxd5 4. Nc3 Qe6 5. Bb5+ c6 6. Ba4 Bc5 7. Qe2 Nf6 8.
Bb3 Qg4 9. Bxf7+ Kd8 10. O-O h5 11. Qxe5 Nbd7 12. Qe2 h4 13. h3 Bxf2+ 14. Qxf2
Qg3 15. Qxg3 hxg3 16. Ne2 Ne4 17. d3 Nf2 18. Nxg3 Nxh3+ 19. gxh3 Rxh3 20. Bf4
Nc5 21. Rae1 Bd7 22. Ng5 Rh4 23. Ne6+ Bxe6 24. Bg5+ Kd7 25. Bxh4 Rh8 26. Bxe6+
Nxe6 27. Rf7+ Ke8 28. Re7+ Kd8 29. R1xe6 Rxh4 30. Rxb7 Rg4 31. Kg2 c5 32. Rc6
Rb4 33. Rxa7 Rb8 34. Rxg7 Rc8 35. Rh6 Rc7 36. Rh8# 1-0

[Event "QA-ANNIV-03"]
[Site "http://www.queenalice.com/game.php?id=270139"]
[Date "2007.9.11"]
[Round "3"]
[White "nenem"]
[Black "marcusquaresma"]
[Result "0-1"]
[WhiteElo "1984"]
[BlackElo "2033"]

1. d4 Nf6 2. Nc3 d5 3. e3 Bf5 4. Nf3 e6 5. Bb5+ c6 6. Bd3 Nbd7 7. O-O Bd6 8.
Bxf5 exf5 9. Ne2 Qe7 10. h3 O-O 11. b3 Ne4 12. c4 Rac8 13. c5 Bb8 14. Nf4 Bxf4
15. exf4 b6 16. cxb6 axb6 17. Ne5 Ndf6 18. a4 Rfe8 19. Bb2 c5 20. dxc5 bxc5 21.
g4 fxg4 22. Nxg4 d4 23. f3 Nxg4 24. fxg4 Qh4 25. Rf3 Ng3 26. Kg2 Re2+ 27. Rf2
Rce8 28. Qg1 Rxf2+ 29. Kxf2 Ne2+ 30. Kg2 Qg3+ 31. Kh1 Nxg1 0-1

[Event "QA-ANNIV-02"]
[Site "http://www.queenalice.com/game.php?id=271736"]
[Date "2007.9.14"]
[Round "9"]
[White "gilcesar"]
[Black "marcusquaresma"]
[Result "0-1"]
[WhiteElo "1796"]
[BlackElo "2024"]

1. e4 e5 2. Nf3 Nc6 3. d4 exd4 4. Nxd4 Bc5 5. Be3 Qf6 6. c3 Nge7 7. Bc4 Ne5 8.
Nd2 Qg6 9. O-O d6 10. h3 Bxh3 11. g3 Bxf1 12. Qxf1 O-O 13. Qh3 Bxd4 14. cxd4
Nxc4 15. Nxc4 Qxe4 16. Qd7 Nf5 17. Re1 Nxd4 18. Nd2 Qc6 19. Qg4 Ne6 20. Bh6 f5
21. Qh5 gxh6 22. Qxh6 Ng7 23. Re7 Qc1+ 24. Kh2 Rf7 25. Rxf7 Kxf7 0-1

[Event "Challenge"]
[Site "http://www.queenalice.com/game.php?id=280509"]
[Date "2007.10.3"]
[Round "-"]
[White "cirolo"]
[Black "marcusquaresma"]
[Result "0-1"]
[WhiteElo "1328"]
[BlackElo "2031"]

1. e4 e5 2. Qf3 Nf6 3. Bc4 Nc6 4. Qf5 d5 5. Qf3 dxc4 6. Nc3 Nd4 7. Qd1 Bc5 8.
Na4 Nxe4 9. f3 Qh4+ 10. g3 Nxg3 11. Nxc5 Nxh1+ 12. Kf1 Qf2# 0-1

[Event "QA-ANNIV-02"]
[Site "http://www.queenalice.com/game.php?id=311842"]
[Date "2007.11.28"]
[Round "10"]
[White "marcusquaresma"]
[Black "musampa"]
[Result "1-0"]
[WhiteElo "2060"]
[BlackElo "1899"]

1. e4 e5 2. Nf3 d6 3. d4 exd4 4. Nxd4 Nf6 5. Nc3 Bg4 6. f3 Bh5 7. Be3 Be7 8. Qd2
O-O 9. O-O-O Nc6 10. Nf5 Nd7 11. Bc4 Nde5 12. Bd5 Qc8 13. Rdf1 Nb4 14. Nxe7+ Kh8
15. Nxc8 Nxd5 16. Nxd5 Rfxc8 17. Bd4 1-0

[Event "QA-ANNIV-02"]
[Site "http://www.queenalice.com/game.php?id=346166"]
[Date "2008.1.31"]
[Round "11"]
[White "bobbyfour"]
[Black "marcusquaresma"]
[Result "1-0"]
[WhiteElo "2150"]
[BlackElo "2051"]

1. e4 e5 2. Nf3 Nc6 3. d4 exd4 4. Nxd4 Bc5 5. Be3 Qf6 6. c3 Nge7 7. Bc4 Ne5 8.
Be2 Qg6 9. O-O d6 10. f3 O-O 11. Nd2 d5 12. Kh1 dxe4 13. fxe4 Bg4 14. Bf4 Bd6
15. Bxg4 Nxg4 16. Bxd6 cxd6 17. Rf4 Ne5 18. Qe2 Qh6 19. Raf1 N7g6 20. Rf5 Ng4
21. Qxg4 Qxd2 22. R5f2 Qd3 23. Rf3 Qd2 24. Nf5 Qxb2 25. Qxg6 Qxc3 26. Nh6+ Kh8
27. Nxf7+ Rxf7 28. Qxf7 Rf8 29. Qxf8# 1-0

[Event "QA-ANNIV-03"]
[Site "http://www.queenalice.com/game.php?id=360839"]
[Date "2008.2.25"]
[Round "5"]
[White "marcusquaresma"]
[Black "togoychess"]
[Result "0-1"]
[WhiteElo "2064"]
[BlackElo "2136"]

1. e4 e6 2. d4 b6 3. Nf3 Bb7 4. Bd3 c5 5. c3 Nf6 6. Qe2 Be7 7. O-O Nc6 8. e5 Nd5
9. dxc5 Bxc5 10. Ng5 f5 11. a3 Na5 12. b4 Nb3 13. bxc5 Nxc1 14. Qh5+ g6 15. Qh6
Nxd3 16. Qg7 Qxg5 17. cxb6 O-O-O 0-1

[Event "QA-ANNIV-03"]
[Site "http://www.queenalice.com/game.php?id=385504"]
[Date "2008.4.10"]
[Round "6"]
[White "dwright"]
[Black "marcusquaresma"]
[Result "0-1"]
[WhiteElo "2005"]
[BlackElo "2039"]

1. e4 e5 2. f4 exf4 3. Nf3 d5 4. exd5 Nf6 5. Bb5+ c6 6. dxc6 bxc6 7. Bc4 Bd6 8.
Nc3 O-O 9. O-O Bg4 10. d3 Nbd7 11. h3 Bh5 12. Ne2 Qc7 13. Qd2 Bxf3 14. Rxf3 Nh5
15. d4 Rad8 16. Qd3 Ne5 0-1

[Event "QA-ANNIV-03"]
[Site "http://www.queenalice.com/game.php?id=413703"]
[Date "2008.6.5"]
[Round "7"]
[White "marcusquaresma"]
[Black "gillou91"]
[Result "1-0"]
[WhiteElo "2054"]
[BlackElo "2142"]

1. e4 e5 2. Nf3 Nc6 3. Bb5 a6 4. Ba4 Nf6 5. O-O Be7 6. Re1 b5 7. Bb3 O-O 8. c3
d5 9. exd5 Nxd5 10. Nxe5 Nxe5 11. Rxe5 c6 12. d3 Bd6 13. Re1 Qh4 14. g3 Qh3 15.
Re4 Qd7 16. Nd2 Bb7 17. Re1 c5 18. Ne4 Be7 19. a4 1-0